000 00390nam a2200157Ia 4500
008 230711s9999||||xx |||||||||||||| ||und||
041 _aENG
082 _a621.3
_bSA-E
100 _aSahdev,SK
245 0 _aFundamentals of Electrical Engineering
250 _a1st Ed.
260 _c2011
_aJalandhar
_bUneek Publication
300 _a112p.
650 _aElectrical Engineering
942 _cBK
999 _c7683
_d7683